000 01649cab a2200253 4500
001 ABS46997
008 090401t1992 xxu||||| |||| 00| 0 eng d
035 _a(Sirsi) u60317
041 _aeng
245 _aCustoms and Excise Commissioners v Link Housing Association Ltd
260 _c1992
350 _a0
490 _aSimon`s Tax Cases
_v(1992) STC 718-722(5)
520 _aFirst Division 10 July 1992. A housing association constructed houses and let them to tenants for terms not exceeding 21 years. After two years tenants acquired the right to buy and the association drew up contracts for the sale. The association was therefore granting a major interest in the dwelling within the meaning of Value Added Tax Act 1983 s48(1). In November 1989 the commissioners decided that the association was not entitled to input credit on the grant of the major interest because by the time of the grant the association had ceased to be `a person constructing a building` within the Item 1a, Group 8, Schedule 5 of the 1983 Act. The Triubunal allowed the association`s appeal on the basis that ` a person constructing a building` was an ambiguous term and ought to be interpreted as `a person who has constructed a building` so that the original builder could recover input tax at any time until he disposed of a major interest in the property. It was held that `a person construc
650 _aHOUSING ASSOCIATIONS
650 _aINPUT TAX
650 _aRIGHT TO BUY
650 _aVALUE ADDED TAX ACT 1983 S48(1)
650 _aVALUE ADDED TAX
650 _aZERO-RATED
690 _aTAXATION-CASE LAW
942 _n0
948 _c04/03/1997
999 _c37175
_d37175